الجهاد : وسائله واهدافه
Saved in:
| 主要作者: | |
|---|---|
| 其他作者: | , |
| 格式: | 图书 |
| 出版: |
Kuala Terengganu:
Kolej Agama Sultan Zainal Abidin,
1987.
|
| 主题: | |
| 标签: |
添加标签
没有标签, 成为第一个标记此记录!
|
| LEADER | 00759cam a2200193 7i4500 | ||
|---|---|---|---|
| 001 | 0000018251 | ||
| 005 | 20211116090000.0 | ||
| 008 | 021119n | ||
| 090 | 0 | 0 | |a BP182 |b .H3 1987 |
| 100 | 0 | |a Hasenah Ibrahim | |
| 245 | 1 | 2 | |a الجهاد : |b وسائله واهدافه |c حسنة بنت ابراهيم و سوتينا سليمان و زوريدا بنت حسين. |
| 260 | 2 | |a Kuala Terengganu: |b Kolej Agama Sultan Zainal Abidin, |c 1987. | |
| 300 | |a 143 p.; |c 30 cm. | ||
| 500 | |a Kertas projek (Diploma) -- Kolej Agama Sultan Zainal Abidin, 1987 | ||
| 650 | 0 | |a Jihad | |
| 700 | 0 | |a Sutina Sulaiman | |
| 700 | 0 | |a Zuraidah binti Husin | |
| 745 | 0 | 3 | |a al-Jihad: wasailuhu wa ahdafuhu |
| 999 | |a 1000041044 |b Thesis |c Reference |e Badak Thesis Collection | ||
